|
|
|
|
| LEADER |
00000nam0a2200000 4500 |
| 001 |
293753 |
| 005 |
20231102000626.0 |
| 010 |
|
|
|a 9785911345884
|
| 010 |
|
|
|a 978-5-16-009179-2
|
| 035 |
|
|
|a (RuTPU)RU\TPU\book\318794
|
| 090 |
|
|
|a 293753
|
| 100 |
|
|
|a 20150506d2014 m y0rusy50 ca
|
| 101 |
0 |
|
|a rus
|
| 102 |
|
|
|a RU
|
| 105 |
|
|
|a a j 001zy
|
| 200 |
1 |
|
|a Ландшафтное проектирование
|e учебное пособие
|f Ю. В. Разумовский, Л. М. Фурсова, В. С. Теодоронский
|
| 210 |
|
|
|a Москва
|c Форум
|c Инфра-М
|d 2014
|
| 215 |
|
|
|a 140 с.
|c ил.
|
| 320 |
|
|
|a Библиогр.: с. 139.
|
| 330 |
|
|
|a В книге основное внимание уделяется теории ландшафтной композиции как основному инструменту при разработке проектов ландшафтной архитектуры, приемам и методам проектирования парков и их фрагментов с участием рельефа, водных устройств, композиции растений.Приводятся типология и нормативные данные основных объектов ландшафтной архитектуры, а также сведения по этапам проектирования, составу и содержанию изыскательских и проектных работ. Учебное пособие предназначено для студентов, бакалавров, магистров и учащихся вузов и колледжей по данному направлению.
|
| 606 |
1 |
|
|a Ландшафтная архитектура
|2 stltpush
|3 (RuTPU)RU\TPU\subj\39854
|9 59759
|
| 610 |
1 |
|
|a ландшафтное проектирование
|
| 610 |
1 |
|
|a композиционные основы
|
| 610 |
1 |
|
|a ландшафтная композиция
|
| 610 |
1 |
|
|a объектно-пространственная структура
|
| 610 |
1 |
|
|a геопластика
|
| 610 |
1 |
|
|a растительность
|
| 610 |
1 |
|
|a учебные пособия
|
| 675 |
|
|
|a 712(075.8)
|v 4
|
| 700 |
|
1 |
|a Разумовский
|b Ю. В.
|g Юрий Вячеславович
|
| 701 |
|
1 |
|a Фурсова
|b Л. М.
|g Людмила Михайловна
|
| 701 |
|
1 |
|a Теодоронский
|b В. С.
|g Владимир Сергеевич
|
| 801 |
|
1 |
|a RU
|b 63413507
|c 20150506
|
| 801 |
|
2 |
|a RU
|b 63413507
|c 20150924
|g RCR
|
| 900 |
|
|
|a Ландшафтоведение
|
| 942 |
|
|
|c BK
|
| 951 |
|
|
|l 8
|
| 959 |
|
|
|a 42/20150415
|d 3
|e 249,90
|f ЧЗТЛ:1
|f УФ:2
|